La littérature pornographique (notice n° 1925168)
[ vue normale ]
| 000 -LEADER | |
|---|---|
| fixed length control field | 01150cam a2200133 4500500 |
| 005 - DATE AND TIME OF LATEST TRANSACTION | |
| control field | 20260329023148.0 |
| 041 ## - LANGUAGE CODE | |
| Language code of text/sound track or separate title | fre |
| 042 ## - AUTHENTICATION CODE | |
| Authentication code | dc |
| 100 10 - MAIN ENTRY--PERSONAL NAME | |
| Personal name | Maingueneau, Dominique |
| Relator term | author |
| 245 00 - TITLE STATEMENT | |
| Title | La littérature pornographique |
| 260 ## - PUBLICATION, DISTRIBUTION, ETC. | |
| Name of publisher, distributor, etc. | Armand Colin,<br/> |
| Date of publication, distribution, etc. | 2007.<br/> |
| 520 ## - SUMMARY, ETC. | |
| Summary, etc. | La pornographie a toujours suscité des débats philosophiques ou moraux. Mais son existence litigieuse ne doit pas occulter le fait qu’elle se manifeste à travers un ensemble de pratiques sémiotiques contraintes et inscrites dans l’histoire. Cet ouvrage aborde le texte pornographique en le rapportant à des genres textuels dont on peut analyser les conditions d’apparition et le fonctionnement. Ayant présenté les caractéristiques de l’écriture pornographique, il retrace son évolution depuis la Renaissance. Il met en évidence les transformations profondes qu’elle connaît actuellement avec le développement des nouvelles technologies et la présence accrue des femmes dans un univers traditionnellement masculin. |
| 856 41 - ELECTRONIC LOCATION AND ACCESS | |
| Uniform Resource Identifier | <a href="https://shs.cairn.info/la-litterature-pornographique--9782200347185?lang=fr&redirect-ssocas=7080">https://shs.cairn.info/la-litterature-pornographique--9782200347185?lang=fr&redirect-ssocas=7080</a> |
Pas d'exemplaire disponible.




Réseaux sociaux